Animal Groups - Statistics

General Stats
  • This quiz has been taken 13 times
  • The average score is 15 of 25
Answer Stats
Hint Explanation Answer % Correct
Silverfish Insects are crustaceans Crustacean
78%
Human Mammal
78%
Echidna Mammal
78%
Iguana Reptile
78%
Cockroach Insects are crustaceans Crustacean
67%
Gnu Mammal
67%
Sea Lion Mammal
67%
Flying Fox Mammal
67%
Scallop Mollusk
67%
Tyranosaurus Dinosaurs are reptiles Reptile
67%
Caiman Reptile
67%
Axolotl Amphibian
56%
Crayfish Crustacean
56%
Wobbegong Fish
56%
Aye-Aye Mammal
56%
Beluga Mammal
56%
Great Awk Birds are dinosaurs Reptile
56%
Newt Amphibian
44%
Triops Crustacean
44%
Sea Horse Fish
44%
Octopus Mollusk
44%
Cuttlefish Mollusk
44%
Sparrow Birds are dinosaurs Reptile
44%
Macaw Birds are dinosaurs Reptile
44%
Sea Bunny Mollusk
33%
No matching quizzes found
Score Distribution
Percent of People with Each Score
Percentile by Number Answered
Your Score History
You have not taken this quiz